Statistics for The Legend Of Zelda Ultimate Trivia

Click here to take the quiz!

General Stats

  • This quiz has been taken 41 times
  • The average score is 9 of 15

Answer Stats

QuestionAnswer% Correct
Twilight Princess included a wolf form for Link, Midna, and a secondary villain named this.Zant
89%
A Link To The Past shared this version of Link with what game?Link's Awakening
86%
Wind Waker introduced the Rito, descendants of who?Zora
86%
Skyward Sword had a strange white-haired villain. What was his name?Ghirahim
77%
The Minish Cap was interesting in it many ways. It shared a character from Ocarina Of Time who upgraded things, as well. Who was that?A big Goron
71%
In the original game, what color was the old man's beard?White
71%
A Link Between Worlds introduced Lorule, and Ravio as the other Link. Hope you were paying attention, but what colour was Ravio's hair?Black-purple
66%
Majora's Mask had 20 'Happy Masks' to collect, but where was Garo's Mask obtained? (Hint: Bandits owned it)After winning a horse race
57%
Ocarina Of Time introduced a lot of mechanics, but which one was included in an earlier game?A whirling blade thrust (not the real name)
54%
Now for some good ol' Breath of the Wild, the first game with a paraglider. Or was it? Which game had the first paraglider-like item? (Cuccos don't count.)The Wind Waker
54%
Link's Awakening took place on Koholint Island. If you didn't die before beating the game, what happens?Marin turns into a seagull.
51%
Age Of Calamity had 4 Champions, their descendants, Link, Zelda, Astor, and introduced this character as well.Sooga
51%
In Zelda II, the first boss had this animal for a head.Horse
43%
Oracle Of Seasons/Ages both could be compatible to unlock stuff in both games, but what was the big secret of combining them?Unlocking a secret battle with Ganon
43%
Talking more Cuccos, in Breath Of The Wild, how many Cuccos did Cado lose?7
34%

Score Distribution

Percentile by Number Answered

Percent of People with Each Score

Your Score History

You have not taken this quiz